|
|
|
|
| LEADER |
01765nam a2200457 i 4500 |
| 001 |
EBC1460978 |
| 003 |
MiAaPQ |
| 005 |
20200520144314.0 |
| 006 |
m o d | |
| 007 |
cr cnu|||||||| |
| 008 |
131105r20031965enka o 001 0 eng|d |
| 020 |
|
|
|z 0415313570
|
| 020 |
|
|
|z 9780415313575
|
| 020 |
|
|
|a 9781315016696
|q (electronic bk.)
|
| 035 |
|
|
|a (MiAaPQ)EBC1460978
|
| 035 |
|
|
|a (Au-PeEL)EBL1460978
|
| 035 |
|
|
|a (CaPaEBR)ebr10781102
|
| 035 |
|
|
|a (CaONFJC)MIL529078
|
| 035 |
|
|
|a (OCoLC)862048838
|
| 040 |
|
|
|a MiAaPQ
|b eng
|e rda
|e pn
|c MiAaPQ
|d MiAaPQ
|
| 050 |
|
4 |
|a HB171
|b .B76 2003
|
| 082 |
0 |
|
|a 215
|
| 100 |
1 |
|
|a Brown, A. J.
|
| 245 |
1 |
0 |
|a Introduction to the world economy /
|c A.J. Brown.
|
| 250 |
|
|
|a [Second edition].
|
| 264 |
|
1 |
|a London :
|b Routledge,
|c 2003.
|
| 264 |
|
4 |
|c 1965
|
| 300 |
|
|
|a 1 online resource (215 pages) :
|b illustrations.
|
| 336 |
|
|
|a text
|2 rdacontent
|
| 337 |
|
|
|a computer
|2 rdamedia
|
| 338 |
|
|
|a online resource
|2 rdacarrier
|
| 490 |
1 |
|
|a Routledge library editions. Economics. International economics ;
|v II
|
| 500 |
|
|
|a Reprint. First published in 1959. Second edition originally published in 1965 by George Allen & Unwin Ltd.
|
| 500 |
|
|
|a Includes index.
|
| 588 |
|
|
|a Description based on online resource; title from PDF title page (ebrary, viewed November 5, 2013).
|
| 590 |
|
|
|a Electronic reproduction. Ann Arbor, MI : ProQuest, 2015. Available via World Wide Web. Access may be limited to ProQuest affiliated libraries.
|
| 650 |
|
0 |
|a Economics.
|
| 655 |
|
4 |
|a Electronic books.
|
| 797 |
2 |
|
|a ProQuest (Firm)
|
| 830 |
|
0 |
|a Routledge library editions.
|p Economics.
|p International economics ;
|v 2.
|
| 856 |
4 |
0 |
|u https://ebookcentral.proquest.com/lib/matrademy/detail.action?docID=1460978
|z Click to View
|